00874nam a2200229 a 4500001001000000003000500010005001700015008004100032010001100073011001100084040000900095100003400104245011000138260004100248500006000289502009500349650002300444650002900467650004200496650003600538856007000574000111074CHAP20220329144156.0141201s2014 mx a |sm |||||||spa d a107536 a108508 cCHAP1 aRosales Gutiérrez, Estefani10aEvaluación de un equipo para el control de temperaturah[En línea]cpor Estefani Rosales Gutiérrez. aChapingo, Méx. :bEl autor,c2014. aPara ver el contenido del material haga clic en la liga aTesis (Ing. Mecanico Agricola) -- UACH. Departamento de Ingeniería Mecánica Agrícola14aControl ambiental.14aCultivos en invernadero.14aInstrumentos de mediciónxDiseño.14aInvernaderosxAutomatización. aFinding aiduhttp://10.13.5.2/tesis/sist111074.pdfzTeclea aquí